000 00276nam a22001097a 4500
082 _a340/SIN
100 _aSingh,Pavneet
_982183
245 _aSecret History Of Selection of Supreme Court Judges
260 _aNew Delhi
_bUnique Publishers
_c2023
650 _aLaw
942 _cBK
999 _c66568
_d66568